000 00488nam a2200181Ia 4500
001 17222
005 20260306170409.0
008 260306t2013||||xx |||||||||||||| ||und||
041 _aESP
082 _a657.61
_bA93A
100 _aAyala Zavala, Pascual
_eAUT
245 0 _aManual práctico del PCGE aplicado a los libros y registros tributarios:
_bdescripción y dinámica contable
260 _c2013
300 _a
_c
650 _aGEN
654 _aCCO
942 _cLIB
_dJUS
_fJUS
_2ddc
_n
999 _c17222
_d17222